High Court Revision No. 3 OF 1995 (C.S NO. 27/93- Bushenyi Court) Karebu Karegeya Vs The Headmaster, Kyamuhunga Sec. School and 2 others (Record no. 4588)
[ view plain ]
| 000 -LEADER | |
|---|---|
| fixed length control field | 00472nam a22001097a 4500 |
| 008 - FIXED-LENGTH DATA ELEMENTS--GENERAL INFORMATION | |
| fixed length control field | 110706t xxu||||| |||| 00| 0 eng d |
| 010 ## - LIBRARY OF CONGRESS CONTROL NUMBER | |
| LC control number | HCROF146 |
| 245 ## - TITLE STATEMENT | |
| Title | High Court Revision No. 3 OF 1995 (C.S NO. 27/93- Bushenyi Court) Karebu Karegeya Vs The Headmaster, Kyamuhunga Sec. School and 2 others |
| 260 ## - PUBLICATION, DISTRIBUTION, ETC. (IMPRINT) | |
| Date of publication, distribution, etc | 1995 |
| 500 ## - GENERAL NOTE | |
| General note | BEFORE: THE HON. MR. JUSTICE A.N. KAROKORA |
| Withdrawn status | Lost status | Source of classification or shelving scheme | Damaged status | Koha normalized classification for sorting | Not for loan | Location (home branch) | Sublocation or collection (holding branch) | Shelving location | Date acquired | Koha issues (times borrowed) | Koha full call number | Piece designation (barcode) | Koha date last seen | Price effective from | Koha item type |
|---|---|---|---|---|---|---|---|---|---|---|---|---|---|---|---|
| Dewey Decimal Classification | HCCROF__146 | Law Development Centre Main Library | Law Development Centre Main Library | Law Reports | 07/06/2011 | HCCROF_146 | 3/1995/1 | 07/06/2011 | 07/06/2011 | Un Reported Cases |
